Arbol amante / (Record no. 33379)

MARC details
000 -LEADER
campo de control de longitud fija 00441nam a2200157 i 4500
001 - NÚMERO DE CONTROL
campo de control 33379
003 - IDENTIFICADOR DE NÚMERO DE CONTROL
campo de control ES-MaACL
005 - FECHA Y HORA DE LA ÚLTIMA TRANSACCIÓN
campo de control 20230906154739.0
007 - CAMPO FIJO DE DESCRIPCIÓN FÍSICA--INFORMACIÓN GENERAL
campo de control de longitud fija t|
008 - DATOS DE LONGITUD FIJA--INFORMACIÓN GENERAL
campo de control de longitud fija 030202s1964 sp ||||1| spa d
100 1# - ENTRADA PRINCIPAL--NOMBRE DE PERSONA
Nombre de persona Betanzos Santos, Manuel.
9 (RLIN) 28645
245 10 - MENCIÓN DEL TÍTULO
Título Arbol amante /
Mención de responsabilidad, etc. Manuel Betanzos Santos.
260 ## - PUBLICACIÓN, DISTRIBUCIÓN, ETC.
Lugar de publicación, distribución, etc. Madrid :
Nombre del editor, distribuidor, etc. [s.n.,
Fecha de publicación, distribución, etc. 1964] (
Fabricante Gráf. Pérez-Galdos)
300 ## - DESCRIPCIÓN FÍSICA
Extensión 49 p. ;
Dimensiones 20 cm.
852 ## - LOCALIZACIÓN
Ubicación ES-MaACL
Número de control de estantería 2040-F-9
Sublocalización o colección R.55457
Holdings
Estatus retirado Estado de pérdida Estado de daño No para préstamo Colección Biblioteca de origen Biblioteca actual Ubicación en estantería Fecha de adquisición Fuente de adquisición Total de préstamos Signatura topográfica completa Código de barras Visto por última vez Precio de reemplazo Tipo de ítem Koha
        Colección de folletos Biblioteca del Ateneo de Madrid Biblioteca del Ateneo de Madrid Depósito folletos 17/01/2008     2040-F-9 1034717 23/02/2023 23/02/2023 Folleto